书目信息 |
| 题名: |
《中共中央关于完善社会主义市场经济体制若干问题贩决定》辅导读本
|
|
| 作者: | 本书编写组编 | |
| 分册: | ||
| 出版信息: | 北京 人民出版社 1920.03 |
|
| 页数: | 490页 | |
| 开本: | 20cm | |
| 丛书名: | ||
| 单 册: | ||
| 中图分类: | D229 | |
| 科图分类: | ||
| 主题词: | 中国共产党 | |
| 电子资源: | ||
| ISBN: | 7-01-004084-2 | |
| 000 | 00651nam0 2200181 450 | |
| 001 | 0743083556 | |
| 005 | 20070719191504.46 | |
| 010 | @a7-01-004084-2@dCNY25.00 | |
| 100 | @a20070707d1920 km y0chiy0120 ea | |
| 101 | 0 | @achi |
| 102 | @aCN@b110000 | |
| 200 | 1 | @a《中共中央关于完善社会主义市场经济体制若干问题贩决定》辅导读本@A《zhong gong zhong yang guan yu wan shan she hui zhu yi shi chang jing ji ti zhi ruo gan wen ti fan jue ding》fu dao du ben@f本书编写组编@Fben shu bian xie zu bian |
| 210 | @a北京@c人民出版社@d1920.03 | |
| 215 | @a490页@d20cm | |
| 606 | 0 | @a中国共产党 |
| 690 | @aD229@v3 | |
| 801 | 0 | @aCN@bPFT@c20070719 |
| 905 | @a10447@dD229@e113 | |
| 《中共中央关于完善社会主义市场经济体制若干问题贩决定》辅导读本/本书编写组编.-北京:人民出版社,1920.03 |
| 490页;20cm |
| ISBN 7-01-004084-2:CNY25.00 |
| ● |
| 相关链接 |
|
|
|
|
正题名:《中共中央关于完善社会主义市场经济体制若干问题贩决定》辅导读本
索取号:D229/113
 
预约/预借
| 序号 | 登录号 | 条形码 | 馆藏地/架位号 | 状态 | 备注 |
| 1 | 0765674 | 207656749 | 第一样本阅览室/ [索取号:D229/113] | 在馆 | |
| 2 | 0766222 | 207662224 | 密集书库/ [索取号:D229/113] | 在馆 |